| 000 | 00691nam a2200205 a 4500 | ||
|---|---|---|---|
| 005 | 20250116063813.0 | ||
| 008 | 070611s2005 mx r 000 0 spa d | ||
| 020 | _a8480637420 | ||
| 035 | _aUPN01000150459 | ||
| 049 | _aCG | ||
| 050 | 4 |
_aLA912 _bC8.4 |
|
| 100 | 1 |
_aCuesta Fernández, Raimundo _933986 |
|
| 245 | 1 | 0 |
_aFelices y escolarizados : _bcrítica de la escuela en la era del capitalismo / _cRaimundo Cuesta Fernández. |
| 260 |
_aBarcelona, Esp. : _bOctaedro-EUB, _c2005. |
||
| 300 |
_a274 p. : _bcuadros |
||
| 440 | 0 | _aEducación, historia y crítica | |
| 650 | 4 |
_aEducación _zEspaña _xHistoria _97391 |
|
| 650 | 4 |
_aEducación _xAspectos sociales _zEspaña _97387 |
|
| 905 | _aLibro | ||
| 999 |
_c122600 _d122600 |
||